|
|
|
|
| LEADER |
01176nam a2200301 a 4500 |
| 001 |
341 |
| 003 |
BD-DhAAL |
| 005 |
20150312095010.0 |
| 008 |
150312s1992 hiuab bs 000 0 eng |
| 010 |
|
|
|a 92017319
|
| 020 |
|
|
|a 086638152X
|
| 040 |
|
|
|a DLC
|c DLC
|d DLC
|d BD-DhAAL
|
| 050 |
0 |
0 |
|a HD9018.T662
|b S78 1992
|
| 082 |
0 |
0 |
|a 382/.41/099612
|2 20
|
| 100 |
1 |
|
|a Sturton, Mark,
|d 1947-
|9 9439
|
| 245 |
1 |
0 |
|a Tonga :
|b development through agricultural exports /
|c by Mark Sturton.
|
| 260 |
|
|
|a Honolulu, Hawaii :
|b Pacific Islands Development Program, East-West Center,
|c c1992.
|
| 300 |
|
|
|a xi, 47 p. :
|b ill., map ;
|c 26 cm.
|
| 490 |
1 |
|
|a Economic report ;
|v no. 4
|
| 500 |
|
|
|a "April 1992."
|
| 504 |
|
|
|a Includes bibliographical references.
|
| 650 |
|
0 |
|a Produce trade
|z Tonga.
|9 9440
|
| 650 |
|
0 |
|a Agriculture
|x Economic aspects
|z Tonga.
|9 9441
|
| 650 |
|
0 |
|a Foreign trade promotion
|z Tonga.
|9 9442
|
| 830 |
|
0 |
|a Economic report (Honolulu, Hawaii) ;
|v no. 4.
|9 9443
|
| 942 |
|
|
|2 ddc
|c BK
|
| 999 |
|
|
|c 33983
|d 33983
|
| 952 |
|
|
|0 0
|1 0
|2 ddc
|4 0
|6 382_410996120000000_STU
|7 0
|9 53039
|a SCL
|b SCL
|c GEN
|d 2015-03-12
|e Gift: The Asia Foundation
|l 0
|o 382.41099612 STU
|p 3020000341
|r 2015-03-12
|t 1
|w 2015-03-12
|y BK
|